[Event "POL-chT 2nd League Juniors 2020"]
[Site "Sypniewo"]
[Date "2020.10.26"]
[Round "5.17"]
[White "Filipska, Maja"]
[Black "Niemier, Martyna"]
[Result "1-0"]
[WhiteElo "1849"]
[BlackElo "1235"]
[Annotator "NA RC"]
[PlyCount "61"]
[EventDate "2020.10.23"]
[EventType "team-tourn"]
[EventCountry "POL"]
[SourceTitle "playchess.com"]
[Source "ChessBase"]
[SourceQuality "1"]
[TimeControl "5400+30"]

1. e4 {[%emt 0:00:00]} c5 {[%emt 0:00:15]} 2. Nf3 {[%emt 0:00:00]} Nc6 {[%emt 0:00:26]} 3. d4 {[%emt 0:00:00]} cxd4 {[%emt 0:00:07]} 4. Nxd4 {[%emt 0:00:00]} e5 {[%emt 0:00:10]} 5. Nb5 {[%emt 0:01:01]} a6 {[%emt 0:00:13]} 6. Nd6+ {[%emt 0:02:00]} Bxd6 {[%emt 0:00:21]} 7. Qxd6 {[%emt 0:00:06]} Qe7 {[%emt 0:00:04]} 8. Qd3 {[%emt 0:05:07] B32: Sicilian: Löwenthal and Kalashnikov Variations.} Nf6 {[%emt 0:00:45]} 9. Nc3 {[%emt 0:01:41]} d5 {[%emt 0:01:21]} 10. Nxd5 {[%emt 0:07:08]} Nxd5 {[%emt 0:00:10]} 11. exd5 {[%emt 0:00:12]} Nb4 {[%emt 0:00:51]} 12. Qe4 {[%emt 0:08:03]} f5 {[%emt 0:13:03]} 13. Qc4 {[%emt 0:04:12]} b5 {[%emt 0:01:19]} (13... Qd6 $14) 14. Qb3 {[%emt 0:02:07] [#]} Qc5 $146 {[%emt 0:06:03]} (14... Qd6 $16 {was called for.}) ({Predecessor:} 14... Bb7 15. c4 bxc4 16. Bxc4 O-O-O 17. Bd2 Nxd5 18. Rc1 Kb8 19. O-O Rd6 20. Rfe1 Nc7 21. Bf4 {1-0 (21) Walasiak,D (2058)-Paprocki,A (1873) Poland 2015}) 15. c4 {[%emt 0:03:46]} bxc4 {[%emt 0:03:22]} 16. Bxc4 {[%emt 0:00:38]} a5 {[%emt 0:02:40]} 17. Be3 {[%emt 0:02:20]} Qd6 {[%emt 0:02:30]} 18. a3 {[%emt 0:02:36]} Na6 {[%emt 0:00:23]} 19. O-O {[%emt 0:01:14]} O-O {[%emt 0:02:55]} 20. f3 {[%emt 0:12:21]} Kh8 {[%emt 0:06:24]} 21. Rac1 {[%emt 0:01:43]} f4 {[%emt 0:03:19]} 22. Bf2 {[%emt 0:08:13]} Qg6 {[%emt 0:02:31]} 23. Rfd1 {[%emt 0:02:04]} Bh3 $18 {[%emt 0:13:04]} 24. Bf1 {[%emt 0:03:19]} Rab8 {[%emt 0:27:06]} 25. Qd3 {[%emt 0:04:25]} Rf6 {[%emt 0:00:50]} 26. Qxg6 {[%emt 0:00:23]} Rxg6 {[%emt 0:00:12]} 27. d6 {[%emt 0:01:10]} Rd8 {[%emt 0:02:03]} 28. d7 {[%emt 0:03:29]} Bxd7 {[%emt 0:00:54]} 29. Rxd7 {[%emt 0:00:11]} Rxd7 {[%emt 0:01:35]} 30. Rc8+ {[%emt 0:00:07]} Rd8 {[%emt 0:00:16]} 31. Rxd8# {[%emt 0:00:05]} 1-0

[Event "POL-chT 2nd League Juniors 2020"]
[Site "Sypniewo"]
[Date "2020.10.26"]
[Round "5.18"]
[White "Lewicka, Joanna"]
[Black "Konkol, Sandra"]
[Result "1-0"]
[WhiteElo "1243"]
[BlackElo "1235"]
[Annotator "NA RC"]
[PlyCount "45"]
[EventDate "2020.10.23"]
[EventType "team-tourn"]
[EventCountry "POL"]
[SourceTitle "playchess.com"]
[Source "ChessBase"]
[SourceQuality "1"]
[TimeControl "5400+30"]

1. e4 {[%emt 0:00:00]} d6 {[%emt 0:00:00]} 2. d4 {[%emt 0:00:00]} Nf6 {[%emt 0:00:00]} 3. Nc3 {[%emt 0:00:11]} c6 {[%emt 0:00:02]} 4. Nf3 {[%emt 0:00:45]} Bg4 {[%emt 0:00:12]} 5. Be2 {[%emt 0:00:18]} e6 {[%emt 0:00:25]} 6. Bg5 {[%emt 0:00:31]} Be7 {[%emt 0:00:28]} 7. O-O {[%emt 0:00:19]} d5 {[%emt 0:00:34]} 8. e5 {[%emt 0:00:40]} Nfd7 {[%emt 0:00:20]} 9. Bxe7 {[%emt 0:00:34]} Qxe7 {[%emt 0:00:14]} 10. Nd2 {[%emt 0:00:20]} Bxe2 {[%emt 0:00:22]} 11. Qxe2 {[%emt 0:00:27]} O-O {[%emt 0:00:49]} 12. f4 {[%emt 0:02:13]} a6 {[%emt 0:04:49]} 13. f5 {[%emt 0:01:32]} exf5 {[%emt 0:01:37]} 14. Rxf5 {[%emt 0:00:20]} c5 {[%emt 0:01:19]} 15. Nxd5 {[%emt 0:05:36]} Qe6 {[%emt 0:00:48]} 16. Qe4 {[%emt 0:03:11]} Rc8 {[%emt 0:16:11]} 17. c3 {[%emt 0:13:48]} cxd4 {[%emt 0:07:20]} 18. cxd4 {[%emt 0:02:02]} Nc6 {[%emt 0:01:08]} 19. Raf1 {[%emt 0:00:29]} Ne7 {[%emt 0:14:33]} 20. Nxe7+ {[%emt 0:02:06]} Qxe7 {[%emt 0:00:11]} 21. Rxf7 {[%emt 0:01:23]} Qxf7 {[%emt 0:00:08]} 22. Rxf7 {[%emt 0:00:14]} Kxf7 {[%emt 0:00:06]} 23. e6+ {[%emt 0:00:37]} 1-0

[Event "POL-chT 2nd League Juniors 2020"]
[Site "Sypniewo"]
[Date "2020.10.26"]
[Round "5.19"]
[White "Majocha, Piotr"]
[Black "Wysocki, Mateusz"]
[Result "1/2-1/2"]
[WhiteElo "2074"]
[BlackElo "1855"]
[Annotator "TA"]
[PlyCount "74"]
[EventDate "2020.10.23"]
[EventType "team-tourn"]
[EventCountry "POL"]
[SourceTitle "playchess.com"]
[Source "ChessBase"]
[SourceQuality "1"]

{[%evp 22,74,69,60,60,47,49,50,58,47,48,45,41,48,79,66,126,69,69,69,69,69,62,55,55,55,71,64,174,130,115,58,121,53,73,73,75,79,72,50,71,0,97,67,118,56,97,36,59,46,84,36,48,55,75]} 1. c4 Nf6 2. Nf3 g6 3. d4 Bg7 4. Nc3 O-O 5. e4 d6 6. h3 c5 7. d5 e6 8. Bd3 exd5 9. exd5 Re8+ 10. Be3 Nh5 11. O-O f5 12. Qd2 Nd7 {E90: King's Indian: Classical: Early deviations and 6 h3.} 13. Bg5 Bf6 14. Bxf6 Nhxf6 15. Rae1 Ne5 $1 {[#]} 16. Nxe5 $146 ({Predecessor:} 16. Ng5 h6 17. Ne6 Bxe6 18. dxe6 Kg7 19. Nd5 Nxd5 20. cxd5 Qf6 21. Bb5 f4 22. Bxe8 Rxe8 {1-0 (46) Norri,J-Lehto,V Finland 1989}) 16... dxe5 17. f3 a6 18. Rf2 f4 ({Better is} 18... Qd6 $14) 19. Ne4 (19. Nd1 $16) 19... Nxe4 $14 20. Bxe4 Qd6 $1 21. Rfe2 Bd7 22. Bd3 Re7 23. a3 Kg7 24. Qc3 {[%cal Re2e5]} Kf6 (24... Rae8 $14) 25. Re4 {[#] Rxf4+ is the strong threat.} g5 26. R4e2 (26. h4 $16 h6 27. g4) 26... h5 (26... Rae8 $14) 27. Bc2 ({White should try} 27. h4 $16 Rg8 28. Re4) 27... Rg8 28. Kf2 b5 29. b3 Rge8 30. Qd3 {[%csl Gc2][%cal Rd3g6] [#]} Rg8 31. Qc3 (31. Rh1 $16) 31... b4 (31... Rge8 $1 $11) 32. Qb2 Rge8 (32... a5 $14) 33. a4 ({White should play} 33. axb4 $16 cxb4 34. Rd1) 33... Rh8 34. Bb1 (34. h4 $16 Rg8 35. Re4) 34... Rg8 35. Rh1 a5 36. Qc2 Rgg7 37. Ke1 Kf7 {Av CentiPawn Loss W=-22/B=-22. Weighted=-27/-23} 1/2-1/2

[Event "POL-chT 2nd League Juniors 2020"]
[Site "Sypniewo"]
[Date "2020.10.26"]
[Round "5.20"]
[White "Wojtasik, Szymon"]
[Black "Szuber, Dawid"]
[Result "1/2-1/2"]
[WhiteElo "1380"]
[BlackElo "1496"]
[Annotator "NA RC"]
[PlyCount "127"]
[EventDate "2020.10.23"]
[EventType "team-tourn"]
[EventCountry "POL"]
[SourceTitle "playchess.com"]
[Source "ChessBase"]
[SourceQuality "1"]
[TimeControl "5400+30"]

1. e4 {[%emt 0:00:00]} c5 {[%emt 0:00:00]} 2. Nf3 {[%emt 0:00:00]} Nc6 {[%emt 0:00:00]} 3. d4 {[%emt 0:00:00]} cxd4 {[%emt 0:00:00]} 4. Nxd4 {[%emt 0:00:00]} d5 {[%emt 0:00:02]} 5. Bb5 {[%emt 0:00:29]} dxe4 {[%emt 0:00:51]} 6. Nxc6 {[%emt 0:00:42]} Qxd1+ {[%emt 0:00:24]} 7. Kxd1 {[%emt 0:00:02]} a6 {[%emt 0:01:29]} 8. Ba4 {[%emt 0:02:44]} Bd7 {[%emt 0:01:47]} 9. Nc3 {[%emt 0:01:16]} Bxc6 {[%emt 0:00:32]} 10. Bxc6+ {[%emt 0:00:06]} bxc6 {[%emt 0:00:04]} 11. Nxe4 {[%emt 0:00:22]} e5 {[%emt 0:00:24]} 12. Ke2 {[%emt 0:03:53]} f5 {[%emt 0:12:48]} 13. Nd2 {[%emt 0:00:06]} Bd6 {[%emt 0:06:21]} 14. Nc4 {[%emt 0:02:52]} Bc7 {[%emt 0:00:35]} 15. b3 {[%emt 0:00:03]} Nf6 {[%emt 0:02:53]} 16. Ba3 {[%emt 0:49:59]} Rd8 {[%emt 0:06:15]} 17. Rad1 {[%emt 0:07:33]} Rxd1 {[%emt 0:02:28]} 18. Rxd1 {[%emt 0:01:05]} Nd5 {[%emt 0:01:17]} 19. Bb2 {[%emt 0:03:00]} Kf7 {[%emt 0:14:06]} 20. Kf1 {[%emt 0:11:15]} Re8 {[%emt 0:03:02]} 21. g3 {[%emt 0:12:35]} g5 {[%emt 0:04:05]} 22. Ne3 {[%emt 0:02:13]} Nxe3+ {[%emt 0:01:13]} 23. fxe3 {[%emt 0:00:01]} Ke6 {[%emt 0:00:22]} 24. Ke2 {[%emt 0:00:53]} h5 {[%emt 0:04:01]} 25. Rd3 {[%emt 0:00:47]} h4 {[%emt 0:13:54]} 26. gxh4 {[%emt 0:00:31]} gxh4 {[%emt 0:04:39]} 27. Rc3 {[%emt 0:00:14]} Kd7 {[%emt 0:03:18]} 28. Rd3+ {[%emt 0:00:44]} Kc8 {[%emt 0:04:23]} 29. Rd1 {[%emt 0:00:32]} Rg8 {[%emt 0:11:01]} 30. Rf1 {[%emt 0:00:24]} Rg5 {[%emt 0:00:02]} 31. e4 {[%emt 0:00:35]} f4 {[%emt 0:00:39]} 32. Kf3 {[%emt 0:00:14]} h3 {[%emt 0:00:47]} 33. Rf2 {[%emt 0:00:44]} Bb6 {[%emt 0:01:20]} 34. Re2 {[%emt 0:00:23]} Kd7 {[%emt 0:01:04]} 35. b4 {[%emt 0:00:30]} Ke6 {[%emt 0:00:48]} 36. c4 {[%emt 0:00:14]} Be3 {[%emt 0:00:30]} 37. Bc3 {[%emt 0:00:55]} Rg1 {[%emt 0:00:30]} 38. Bd2 {[%emt 0:00:31]} Bxd2 {[%emt 0:00:27]} 39. Rxd2 {[%emt 0:00:00]} Rb1 {[%emt 0:00:02]} 40. c5 {[%emt 0:00:45]} Rxb4 {[%emt 0:00:57]} 41. Kg4 {[%emt 0:00:35]} Rxe4 {[%emt 0:00:30]} 42. Rd6+ {[%emt 0:00:21]} Ke7 {[%emt 0:00:18]} 43. Kxh3 {[%emt 0:00:03]} Ra4 {[%emt 0:00:30]} 44. Kg4 {[%emt 0:01:03]} Rxa2 {[%emt 0:00:23]} 45. h4 {[%emt 0:00:02]} Rg2+ {[%emt 0:00:38]} 46. Kf3 {[%emt 0:00:55]} Rg3+ {[%emt 0:00:15]} 47. Kf2 {[%emt 0:00:10]} Rh3 {[%emt 0:00:52]} 48. Rxc6 {[%emt 0:00:26]} Rxh4 49. Rxa6 {[%emt 0:00:21]} Rh2+ {[%emt 0:01:00]} 50. Kf3 {[%emt 0:00:56]} Rc2 {[%emt 0:00:11]} 51. Ra7+ {[%emt 0:00:51]} Ke6 {[%emt 0:00:40]} 52. Rc7 {[%emt 0:00:33]} Kd5 {[%emt 0:00:45]} 53. Rd7+ {[%emt 0:00:23]} Kc6 {[%emt 0:00:06]} 54. Rd8 {[%emt 0:00:26]} Rxc5 {[%emt 0:00:17]} 55. Ke4 {[%emt 0:00:28]} Kb5 {[%emt 0:01:01]} 56. Rd7 {[%emt 0:00:25]} Kc4 {[%emt 0:00:33]} 57. Rd8 {[%emt 0:00:10]} Kc3 {[%emt 0:00:15]} 58. Rd7 {[%emt 0:00:53]} Kc2 {[%emt 0:00:41]} 59. Rd8 {[%emt 0:00:39]} Kc3 {[%emt 0:00:27]} 60. Rd7 {[%emt 0:00:08]} Kc2 {[%emt 0:00:38]} 61. Rd8 {[%emt 0:00:26]} Rc3 {[%emt 0:00:26]} 62. Kxe5 {[%emt 0:00:21]} Rd3 {[%emt 0:00:41]} 63. Rxd3 {[%emt 0:00:04]} Kxd3 {[%emt 0:00:02]} 64. Kxf4 {[%emt 0:00:00]} 1/2-1/2

[Event "POL-chT 2nd League Juniors 2020"]
[Site "Sypniewo"]
[Date "2020.10.26"]
[Round "5.21"]
[White "Bochenek, Ryszard"]
[Black "Doroba, Ludwik"]
[Result "1-0"]
[WhiteElo "1445"]
[BlackElo "1330"]
[Annotator "NA RC"]
[PlyCount "54"]
[EventDate "2020.10.23"]
[EventType "team-tourn"]
[EventCountry "POL"]
[SourceTitle "playchess.com"]
[Source "ChessBase"]
[SourceQuality "1"]
[TimeControl "5400+30"]

1. Nf3 {[%emt 0:00:00]} d5 {[%emt 0:00:00]} 2. g3 {[%emt 0:00:00]} Nf6 {[%emt 0:01:05]} 3. Bg2 {[%emt 0:00:08]} c6 {[%emt 0:01:03]} 4. d3 {[%emt 0:00:28]} Bf5 {[%emt 0:01:28]} 5. O-O {[%emt 0:00:34]} e6 {[%emt 0:02:10]} 6. Nbd2 {[%emt 0:01:08]} h6 {[%emt 0:04:55]} 7. Re1 {[%emt 0:01:38]} Be7 {[%emt 0:01:38]} 8. c3 {[%emt 0:01:37]} Nbd7 {[%emt 0:02:23]} 9. e4 {[%emt 0:01:46]} dxe4 {[%emt 0:03:48]} 10. dxe4 {[%emt 0:00:30]} Bh7 {[%emt 0:05:09]} 11. b4 {[%emt 0:05:44]} a5 {[%emt 0:06:06]} 12. Qb3 {[%emt 0:03:39]} axb4 {[%emt 0:03:35]} 13. cxb4 {[%emt 0:00:47]} Qb6 {[%emt 0:04:12]} 14. Rb1 {[%emt 0:03:15]} O-O {[%emt 0:17:42]} 15. a3 {[%emt 0:07:41]} Ng4 {[%emt 0:12:05]} 16. Re2 {[%emt 0:01:17]} Nde5 {[%emt 0:04:23]} 17. Nxe5 {[%emt 0:05:36]} Nxe5 {[%emt 0:01:09]} 18. Bb2 {[%emt 0:02:41]} Qb5 {[%emt 0:01:54]} 19. Ree1 {[%emt 0:01:40]} Bf6 {[%emt 0:04:37]} 20. Nf3 {[%emt 0:07:05]} Nxf3+ {[%emt 0:04:46]} 21. Qxf3 {[%emt 0:03:11]} Bxb2 {[%emt 0:01:07]} 22. Rxb2 {[%emt 0:00:03]} Rfd8 {[%emt 0:01:28]} 23. Rbb1 {[%emt 0:03:43]} Rd3 {[%emt 0:02:24]} 24. Re3 {[%emt 0:11:01]} Raxa3 {[%emt 0:01:31]} 25. Bf1 {[%emt 0:00:35]} Rxe3 {[%emt 0:00:38]} 26. Qf4 {[%emt 0:05:50]} e5 {[%emt 0:03:13]} 27. Qg4 {[%emt 0:03:13]} f5 {[%emt 0:00:58]} 1-0

[Event "POL-chT 2nd League Juniors 2020"]
[Site "Sypniewo"]
[Date "2020.10.26"]
[Round "5.22"]
[White "Rumniak, Aleksy"]
[Black "Suszczynski, Dominik"]
[Result "1/2-1/2"]
[WhiteElo "1117"]
[BlackElo "1241"]
[Annotator "NA RC"]
[PlyCount "85"]
[EventDate "2020.10.23"]
[EventType "team-tourn"]
[EventCountry "POL"]
[SourceTitle "playchess.com"]
[Source "ChessBase"]
[SourceQuality "1"]
[TimeControl "5400+30"]

1. e4 {[%emt 0:00:00]} c5 {[%emt 0:00:00]} 2. Nf3 {[%emt 0:00:29]} d6 {[%emt 0:00:51]} 3. d4 {[%emt 0:01:23]} cxd4 {[%emt 0:00:06]} 4. Nxd4 {[%emt 0:00:07]} Nf6 {[%emt 0:00:33]} 5. Nc3 {[%emt 0:01:25]} a6 {[%emt 0:02:19]} 6. Be3 {[%emt 0:04:43]} e6 {[%emt 0:02:35]} 7. f3 {[%emt 0:05:24]} Be7 {[%emt 0:03:51]} 8. Qd2 {[%emt 0:01:50]} Qc7 {[%emt 0:06:18]} 9. Be2 {[%emt 0:03:21]} b5 {[%emt 0:05:30]} 10. O-O {[%emt 0:11:50]} Bb7 {[%emt 0:04:42]} 11. Rad1 {[%emt 0:13:20]} d5 {[%emt 0:04:39]} 12. exd5 {[%emt 0:04:34]} Nxd5 {[%emt 0:00:12]} 13. Nxd5 {[%emt 0:00:25]} Bxd5 {[%emt 0:00:09]} 14. f4 {[%emt 0:11:07]} Bb7 {[%emt 0:08:02]} 15. Bf3 {[%emt 0:01:13]} Nc6 {[%emt 0:02:44]} 16. Nxc6 {[%emt 0:03:06]} Bxc6 {[%emt 0:00:07]} 17. Bxc6+ {[%emt 0:00:15]} Qxc6 {[%emt 0:00:03]} 18. c3 {[%emt 0:07:01]} Rd8 {[%emt 0:01:54]} 19. Qe2 {[%emt 0:01:37]} O-O {[%emt 0:02:02]} 20. Bd4 {[%emt 0:15:58]} Bc5 {[%emt 0:06:00]} 21. Qe5 {[%emt 0:00:47]} Bxd4+ {[%emt 0:00:20]} 22. Rxd4 {[%emt 0:00:10]} Qb6 {[%emt 0:01:24]} 23. Rfd1 {[%emt 0:02:15]} Rd5 {[%emt 0:00:17]} 24. Qe4 {[%emt 0:01:14]} Rfd8 {[%emt 0:00:55]} 25. Kf1 {[%emt 0:00:52]} Rxd4 {[%emt 0:02:04]} 26. Rxd4 {[%emt 0:00:07]} Rxd4 {[%emt 0:00:06]} 27. Qxd4 {[%emt 0:00:02]} Qxd4 {[%emt 0:00:20]} 28. cxd4 {[%emt 0:00:07]} Kf8 {[%emt 0:00:09]} 29. Ke2 {[%emt 0:00:08]} Ke7 {[%emt 0:00:19]} 30. Ke3 {[%emt 0:04:05]} Kd6 {[%emt 0:00:44]} 31. Ke4 {[%emt 0:00:46]} f5+ {[%emt 0:00:09]} 32. Ke3 {[%emt 0:00:10]} Kd5 {[%emt 0:00:05]} 33. Kd3 {[%emt 0:00:10]} a5 {[%emt 0:03:22]} 34. h3 {[%emt 0:03:36]} h5 {[%emt 0:00:07]} 35. h4 {[%emt 0:00:11]} g6 {[%emt 0:00:23]} 36. g3 {[%emt 0:00:42]} a4 {[%emt 0:00:33]} 37. b3 {[%emt 0:00:15]} a3 {[%emt 0:00:36]} 38. Ke3 {[%emt 0:01:04]} Kc6 {[%emt 0:00:41]} 39. Kd2 {[%emt 0:01:16]} Kb6 {[%emt 0:01:11]} 40. Kd3 {[%emt 0:00:55]} Kc6 {[%emt 0:00:30]} 41. Kc3 {[%emt 0:00:51]} Kd5 {[%emt 0:00:14]} 42. Kd3 {[%emt 0:00:51]} b4 {[%emt 0:00:08]} 43. Ke3 {[%emt 0:00:11]} 1/2-1/2

[Event "POL-chT 2nd League Juniors 2020"]
[Site "Sypniewo"]
[Date "2020.10.26"]
[Round "5.23"]
[White "Wasala, Wiktoria"]
[Black "Matyjasek, Michalina"]
[Result "0-1"]
[WhiteElo "1458"]
[BlackElo "1477"]
[Annotator "NA RC"]
[PlyCount "76"]
[EventDate "2020.10.23"]
[EventType "team-tourn"]
[EventCountry "POL"]
[SourceTitle "playchess.com"]
[Source "ChessBase"]
[SourceQuality "1"]
[TimeControl "5400+30"]

1. e4 {[%emt 0:00:00]} c5 {[%emt 0:00:00]} 2. Nc3 {[%emt 0:00:00]} Nc6 {[%emt 0:00:00]} 3. f4 {[%emt 0:00:00]} g6 {[%emt 0:00:05]} 4. Nf3 {[%emt 0:00:00]} Bg7 {[%emt 0:00:10]} 5. d3 {[%emt 0:00:29]} d6 {[%emt 0:02:01]} 6. Be2 {[%emt 0:01:45]} Nf6 {[%emt 0:02:50]} 7. O-O {[%emt 0:00:50]} O-O {[%emt 0:01:28]} 8. Kh1 {[%emt 0:04:12]} Rb8 {[%emt 0:05:28]} 9. Be3 {[%emt 0:02:40]} Ng4 {[%emt 0:08:32]} 10. Bg1 {[%emt 0:01:33]} b5 {[%emt 0:03:16]} 11. h3 {[%emt 0:27:30]} b4 {[%emt 0:13:55]} 12. Nd5 {[%emt 0:02:15]} e6 {[%emt 0:09:55]} 13. Ne3 {[%emt 0:08:04]} Nxe3 {[%emt 0:02:16]} 14. Bxe3 {[%emt 0:02:52]} Bxb2 {[%emt 0:01:18]} 15. Rb1 {[%emt 0:00:04]} Bg7 {[%emt 0:01:53]} 16. d4 {[%emt 0:05:48]} Qa5 {[%emt 0:05:09]} 17. c3 {[%emt 0:08:06]} bxc3 {[%emt 0:05:28]} 18. Rxb8 {[%emt 0:00:54]} Nxb8 {[%emt 0:00:47]} 19. dxc5 {[%emt 0:04:33]} dxc5 {[%emt 0:00:51]} 20. Qb3 {[%emt 0:01:01]} Ba6 {[%emt 0:06:30]} 21. Bc4 {[%emt 0:03:12]} Nc6 {[%emt 0:03:00]} 22. Bxa6 {[%emt 0:07:46]} Qxa6 {[%emt 0:00:19]} 23. Rd1 {[%emt 0:00:11]} Rb8 {[%emt 0:02:43]} 24. Qc2 {[%emt 0:00:55]} Rb2 {[%emt 0:02:45]} 25. Qc1 {[%emt 0:01:36]} c2 {[%emt 0:00:41]} 26. Rd2 {[%emt 0:02:19]} Rb1 {[%emt 0:00:26]} 27. Rxc2 {[%emt 0:00:10]} Rxc1+ {[%emt 0:00:07]} 28. Rxc1 {[%emt 0:00:05]} c4 {[%emt 0:01:26]} 29. e5 {[%emt 0:00:32]} Qa3 {[%emt 0:02:21]} 30. Bd2 {[%emt 0:01:02]} Qxa2 {[%emt 0:00:44]} 31. Bc3 {[%emt 0:00:17]} Bf8 {[%emt 0:01:07]} 32. Ng5 {[%emt 0:00:45]} h6 {[%emt 0:01:24]} 33. Ne4 {[%emt 0:00:09]} Bb4 {[%emt 0:03:11]} 34. Nf6+ {[%emt 0:00:49]} Kf8 {[%emt 0:02:26]} 35. Ra1 {[%emt 0:01:04]} Qf2 {[%emt 0:01:15]} 36. Bxb4+ {[%emt 0:00:35]} Nxb4 {[%emt 0:00:16]} 37. Rd1 {[%emt 0:00:07]} Nd3 {[%emt 0:00:35]} 38. Rb1 {[%emt 0:02:43]} Nb2 {[%emt 0:01:31]} 0-1

[Event "POL-chT 2nd League Juniors 2020"]
[Site "Sypniewo"]
[Date "2020.10.27"]
[Round "6.1"]
[White "Majocha, Piotr"]
[Black "Malik, Maciej"]
[Result "0-1"]
[WhiteElo "2074"]
[BlackElo "1671"]
[Annotator "TA"]
[PlyCount "58"]
[EventDate "2020.10.23"]
[EventType "team-tourn"]
[EventCountry "POL"]
[SourceTitle "playchess.com"]
[Source "ChessBase"]
[SourceQuality "1"]

{[%evp 15,58,29,47,-8,37,9,60,16,0,0,0,-5,-5,-5,-16,-11,-4,-7,-8,-13,-12,-7,-12,-33,-33,-29,-23,-67,0,-51,-31,-38,-34,-29989,-29990,-29993,-29994,-29994,-29995,-29995,-29996,-29996,-29997,-29997,-29997]} 1. d4 d6 2. Nf3 Nf6 3. c4 g6 4. Nc3 Bg7 5. e4 O-O 6. h3 e5 7. d5 Na6 8. Be3 c6 9. Nd2 {E90: King's Indian: Classical: Early deviations and 6 h3.} (9. Bg5 $14) 9... Nd7 10. g4 Nb6 (10... f5 $11 11. gxf5 gxf5) 11. Bd3 {White is slightly better.} Bd7 12. a3 Rc8 13. Rc1 cxd5 14. cxd5 Nc5 15. Bc2 {[#]} Nba4 $1 {[%mdl 512]} 16. Nxa4 (16. Bxa4 Nd3+) 16... Nxa4 17. Bxa4 {Hoping for Rxc8.} Rxc1 18. Qxc1 {Bxd7 is the strong threat.} Bxa4 19. O-O Bb5 20. Re1 f5 21. f3 fxe4 (21... Qh4 $15 22. Kg2 b6) 22. fxe4 ({White should try} 22. Nxe4 $11 Rxf3 23. Ng5) 22... Qh4 23. Kg2 $1 h5 $36 {[%mdl 2048] Black is more active.} 24. Nf3 $2 {[%mdl 8192] [#]} (24. Rh1 $15) 24... Rxf3 $1 {[%mdl 64] Deflection. Black mates.} 25. Kxf3 Qxh3+ 26. Kf2 Qh2+ 27. Kf3 hxg4+ {[%mdl 64] Overworked Piece} 28. Kxg4 Qg2+ {[%mdl 64] Double Attack} 29. Kh4 Bd7 {White got outplayed after the opening. Av CentiPawn Loss W=-59/B=-7. Weighted=-160/-10} 0-1

[Event "POL-chT 2nd League Juniors 2020"]
[Site "Sypniewo"]
[Date "2020.10.27"]
[Round "6.1"]
[White "Posluszny, Tomasz"]
[Black "Jedrusik, Adam"]
[Result "1-0"]
[WhiteElo "2050"]
[BlackElo "1891"]
[Annotator "TA"]
[PlyCount "97"]
[EventDate "2020.10.23"]
[EventType "team-tourn"]
[EventCountry "POL"]
[SourceTitle "playchess.com"]
[Source "ChessBase"]
[SourceQuality "1"]

{[%evp 10,97,22,16,26,25,22,23,22,26,36,33,57,43,62,71,70,74,74,37,18,-19,139,127,116,136,201,202,210,202,213,214,198,54,50,55,45,44,45,43,45,44,41,33,40,47,35,35,84,33,53,35,46,47,52,64,83,83,83,83,83,83,83,83,127,127,129,55,648,544,12831,12831,12845,12829,12845,12835,12835,12836,12836,12837,12840,12839,12841,12841,12839,12839,12839,12839,12835,2418]} 1. d4 f5 2. e4 fxe4 3. Nc3 Nf6 4. Bg5 Nc6 5. d5 Ne5 6. Qe2 Nf7 {A83: Dutch Defence: Staunton Gambit with 3 Nc3 Nf6 4 Bg5.} 7. Bxf6 exf6 8. Nxe4 {[%cal Re4f6]} Be7 {White has an edge.} 9. d6 cxd6 10. O-O-O O-O 11. Nc3 $1 {[%mdl 1024] White has compensation.} f5 12. Nd5 $36 {[%mdl 2048] White is really pushing.} Bf6 13. f4 b6 14. g4 fxg4 $1 15. Qe4 Rb8 $2 (15... Bh4 $1 $11) 16. Bd3 $16 {[%csl Gd3][%cal Re4h7]} g6 {Hoping for ...Bb7.} 17. h3 $1 {[%cal Rh3g4]} Bb7 (17... g3 $16) 18. hxg4 $18 {Strongly threatening Rxh7!} Bxd5 19. Qxd5 Bg7 {White should prevent ...Qf6.} 20. g5 $1 Rc8 21. Rxh7 (21. Qg2 $18) 21... Kxh7 $14 {[#]} 22. Bxg6+ $1 {[%mdl 576] Double Attack} Kg8 $1 {Threatens to win with ...Qe7.} (22... Kxg6 23. Qe4+ Kh5 24. Ne2 $18) 23. Bxf7+ $1 Rxf7 24. g6 {[%mdl 64] Pin} Qf6 25. Qxf7+ Qxf7 26. gxf7+ Kxf7 27. Rxd6 {[%mdl 4096] Endgame KRB-KRN} Ke7 28. Rd3 Rc4 29. Nh3 ({White should try} 29. Re3+ $1 $16 Kd6 30. Ne2) 29... Bh6 30. Rf3 Kf6 31. Kd2 Kf5 32. Rd3 Bxf4+ 33. Nxf4 Rxf4 34. Rxd7 {KR-KR} Ra4 35. a3 Ke6 36. Rd3 Ke5 37. Kc3 b5 38. Kb3 (38. Rd8 $16) 38... a6 $2 {[%mdl 8192] [#] A mistake that costs the game.} (38... a5 $14) 39. Rd8 $1 $18 {White is clearly winning.} Ke6 40. c3 Ke5 41. Rd7 Ke4 42. Ka2 Rc4 43. Rd6 a5 {[#]} 44. Rb6 $1 {[%cal Rb6b5]} Rc5 45. Kb3 Kd3 46. Rd6+ Ke3 47. Ra6 a4+ 48. Kb4 Rd5 49. Ra5 {Av CentiPawn Loss W=-34/B=-46. Weighted=-36/-64} (49. Rb6 $142 Rd2 50. Rxb5) 1-0